000
00230as aa2200097a 44500
090
_a
SERIADAS
_b
01009
245
1
0
_a
Tropinet
260
_b
Association for Tropical Biology Inc.
_a
Estados Unidos
041
0
_a
Inglés
942
_c
REVISTA
999
_c
17167
_d
17167